Quiz sur les départements d'Île-de-France - Statistiques

Statistiques générales
  • Ce quiz a été pris 57 fois
    51 depuis la dernière actualisation
  • Le résultat moyen est 16 sur 20
Statistiques - réponses
Trouvez un(e)/le/la Réponse(s) % Correct
Département frontalier de l'Essonne Eure-et-Loir (28) | Loiret (45) | Seine-et-Marne (77) | Yvelines (78) | Hauts-de-Seine (92) | Val-de-Marne (94)
100%
Département frontalier de Paris Hauts-de-Seine (92) | Seine-Saint-Denis (93) | Val-de-Marne (94)
100%
Préfecture d'un département d'Île-de-France, hors Paris Melun | Versailles | Evry-Courcouronnes | Nanterre | Bobigny | Créteil | Cergy
97%
Département frontalier d'Île-de-France Aisne (02) | Aube (10) | Eure (27) | Eure-et-Loir (28) | Loiret (45) | Marne (51) | Oise (60) | Yonne (89)
95%
Département d'Île-de-France non frontalier du Val-de-Marne Yvelines (78) | Val-d'Oise (95)
95%
Région frontalière d'Île-de-France Bourgogne-Franche-Comté | Centre-Val de Loire | Grand Est | Hauts-de-France | Normandie
92%
Département d'Île-de-France dont le niveau de vie médian est supérieur à 25 000 euros Hauts-de-Seine (92) | Paris (75) | Yvelines (78)
92%
Département d'Île-de-France dont le taux de pauvreté est supérieur à 25% Seine-Saint-Denis (93)
92%
Département frontalier de la Seine-et-Marne, hors Île-de-France Aisne (02) | Aube (10) | Loiret (45) | Marne (51) | Oise (60) | Yonne (89)
87%
Ville de plus de 100 000 habitants en Île-de-France, hors Paris Saint-Denis | Boulogne-Billancourt | Montreuil | Argenteuil
87%
Préfecture d'un département frontalier d'Île-de-France Laon | Troyes | Evreux | Chartres | Orléans | Châlons-en-Champagne | Beauvais | Auxerre
82%
Préfecture d'une région frontalière d'Île-de-France Dijon | Orléans | Strasbourg | Lille | Rouen
79%
Département frontalier du Val-d'Oise situé en région Normandie Eure (27)
72%
Ville la plus peuplée d'un département frontalier d'Île-de-France Saint-Quentin | Troyes | Evreux | Chartres | Orléans | Reims | Beauvais | Auxerre
72%
Ville la plus peuplée d'une région frontalière d'Île-de-France Dijon | Tours | Strasbourg | Lille | Le Havre
67%
Préfecture de la région frontalière d'Île-de-France la plus peuplée Lille
64%
Sous-Préfecture des Yvelines Mantes-la-Jolie | Rambouillet | Saint-Germain-en-Laye
59%
Préfecture du seul département frontalier d'Île-de-France qui est aussi préfecture de région Orléans
51%
Préfecture du seul département bourguignon frontalier d'Île-de-France Auxerre
46%
Ville la plus peuplée parmi les départements frontaliers d'Île-de-France Reims
38%
Aucun quiz correspondant
Distribution des résultats
% des personnes avec chaque résultat
Percentile par nombre de réponses
Votre historique - résultats
Vous n’avez pas pris ce quiz depuis la dernière actualisation